| 000 | 01027nam a2200229Ia 4500 | ||
|---|---|---|---|
| 001 | L268-31863 | ||
| 003 | IT-CnALBA | ||
| 008 | 170116s9999||||xx |||||||||||||| ||und|| | ||
| 040 |
_aIT-CnALBA _cIT-CnALBA |
||
| 041 | _aITALIANO | ||
| 100 | _aTETTAMANZI DIONIGI, MONS. | ||
| 245 | 0 | _aVOI SIETE IL SALE DELLA TERRA. ATTI DEL II CONVEGNO NAZIONALE DEI CATECHISTI, ROMA 1992. | |
| 250 | _a1a ed. | ||
| 260 |
_aTORINO _bELLE DI CI - LEUMANN _c1993 [1° Ed.:1993 - Ed.Ling.Originale: 1993] |
||
| 300 | _a158 p. | ||
| 500 | _aSINTESI DEI LAVORI. TESTIMONI DEL VANGELO. INCONTRO CON GIOVANNI PAOLO II. ITINERARI DI FEDE. LE COMUNITÀ CRISTIANE. FOTO A COLORI, FUORI TESTO. | ||
| 501 | _aSocietà San Paolo EM - Piazza San Paolo, 14 - 12051 ALBA (CN) (non commercial uses only) ® Copyright 2017 | ||
| 520 | _aSINTESI DEI LAVORI. TESTIMONI DEL VANGELO. INCONTRO CON GIOVANNI PAOLO II. ITINERARI DI FEDE. LE COMUNITÀ CRISTIANE. FOTO A COLORI, FUORI TESTO. | ||
| 650 | _aCATECHESI | ||
| 942 | _cBK | ||
| 957 | _71 | ||
| 999 |
_a36631 _bNO _g Copie: 1 _c290695 _d290695 |
||